Poema bez geroia /

Bibliographic Details
Main Author: Akhmatova, Anna Andreevna, 1889-1966
Format: Book
Language:Russian
Published: Ann Arbor, Mich. : Ardis, [1978]

MARC

Tag First Indicator Second Indicator Subfields
LEADER 00000cam a2200000 a 4500
001 in00000075725
005 20151008053708.0
008 790404s1978 miuac 00010 rus d
020 |a 0882333895 
035 |a (OCoLC)04820595 
035 |9 AAH8323AM 
040 |a WLU  |c WLU  |d TXA  |d UtOrBLW 
049 |a TXAM  |c [1481436] 
090 |a PG3476.A324  |b P6 1978 
100 1 |a Akhmatova, Anna Andreevna,  |d 1889-1966. 
245 1 0 |a Poema bez geroia /  |c Anna Akhmatova. 
264 1 |a Ann Arbor, Mich. :  |b Ardis,  |c [1978] 
264 4 |c ©1978 
300 |a 63 pages :  |b illustrations, portrait ;  |c 18 cm. 
336 |a text  |b txt  |2 rdacontent 
337 |a unmediated  |b n  |2 rdamedia 
338 |a volume  |b nc  |2 rdacarrier 
500 |a In Cyrillic characters. 
999 |a MARS 
999 f f |s 3292564e-8ac3-3269-a4f8-1969b8555daf  |i 928234a9-d194-3017-9a93-a4240029885f  |t 0 
952 f f |p normal  |a Texas A&M University  |b College Station  |c Sterling C. Evans Library  |s Evans stk  |d Evans: Library Stacks  |t 0  |e PG3476.A324 P6 1978  |h Library of Congress classification  |i unmediated -- volume  |m A14806495975 
998 f f |a PG3476.A324 P6 1978  |t 0  |l Evans: Library Stacks